000 00699nam a2200265Ia 4500
003 OSt
005 20221005060132.0
006 a|||||r|||| 00| 0
007 ta
008 221004b |||||||| |||| 00| 0 eng d
020 _a0130852643
024 _a29365
037 _cTextual
040 _aCRL
_cCRL
_beng
041 _2eng
_aeng
082 _aG91, N1;P0
100 _aBrock Thomas D
_9469568
245 0 _aBiology of microorganisms Michael T Madigan and others
250 _a9th
260 _aLondon
_bPrentice Hall International
_c2000
300 _a991p.
_ccm.
650 _aBIOLOGY
942 _hG91, N1;P0
_cTEXL
_2cc
999 _c966203
_d966203